Score 0/15 Timer 04:00
4 Plays Today
Question Answer % Correct
Manufactured by Mattel, what doll and merchandise often comes in pink?Barbie
91.7%
During what month are pink ribbons prominently featured to raise breast cancer awareness?October
87.1%
Carotenoids in plankton are responsible for the pink color of what wading bird?Flamingo
86.6%
Who does one receive a pink slip from?Employer
77.6%
Known as the Pink City, Jaipur can be found in what Asian country?India
77.2%
Mountbatten Pink was a camouflage color first used by the British Royal Navy in what war?World War II
74.1%
What round, pink creature first released in 1992 is the protagonist of a Nintendo game series?Kirby
73%
Who is Christ depicted giving a pink flower to in Raphael's Madonna of the Pinks?Virgin Mary
69.7%
Question Answer % Correct
In the 'Harry Potter' series, what Defense Against the Dark Arts professor primarily wore pink?Dolores Umbridge
67.9%
In what language(s) is the 'lyserød' the word for pink?Danish
63.5%
What Pink Floyd album features songs 'Comfortably Numb' and 'Hey You'?The Wall
61.9%
Who wrote the popular teen comedies 'Pretty in Pink' and 'The Breakfast Club'?John Hughes
59.6%
What actress won an Oscar in 1999 while wearing a pink Ralph Lauren dress?Gwyneth Paltrow
53%
What is the name of the first Pink Power Ranger, who was portrayed by Amy Jo Johnson?Kimberly Hart
44.5%
What Italian city is home to a football club whose official colors are pink and black?Palermo
41.6%
Remove Ads.
Support Sporcle.
Get the best of Sporcle when you Go Orange. This ad-free experience offers more features, more stats, and more fun while also helping to support Sporcle. Thank you for becoming a member.

You're not logged in!

Compare scores with friends on all Sporcle quizzes.
OR
Log In

Show Comments

Extras

Top Quizzes Today


Score Distribution

Your Account Isn't Verified!

In order to create a playlist on Sporcle, you need to verify the email address you used during registration. Go to your Sporcle Settings to finish the process.

Report this User

Report this user for behavior that violates our Community Guidelines.

Details: